LEADER 01681nam 2200421 n 450 001 996383681803316 005 20221108073959.0 035 $a(CKB)1000000000592494 035 $a(EEBO)2248534585 035 $a(UnM)99850615 035 $a(EXLCZ)991000000000592494 100 $a19920310d1588 uh | 101 0 $aeng 135 $aurbn||||a|bb| 200 10$aBy the Queene. The Queenes Maiestie being giuen to vnderstand, that diuers souldiers vpon the dissoluing of the campe at Tilberie in the countie of Essex ..$b[electronic resource] 210 $aImprinted at London $cBy the deputies of Christopher Barker, printer to the Queenes most excellent Maiestie$d[1588] 215 $a1 sheet ([1] p.) 300 $aPublication date from STC. 300 $aForbidding soldiers to sell their arms--STC. 300 $aReproduction of the original in the Bodleian Library. 330 $aeebo-0014 606 $aSoldiers$zEngland$vEarly works to 1800 606 $aWeapons$zEngland$vEarly works to 1800 606 $aArmor$zEngland$vEarly works to 1800 607 $aGreat Britain$xHistory$yElizabeth, 1558-1603$vEarly works to 1800 607 $aEngland$xProclamations$vEarly works to 1800 615 0$aSoldiers 615 0$aWeapons 615 0$aArmor 701 $aElizabeth$cQueen of England,$f1533-1603.$0996842 801 0$bCu-RivES 801 1$bCu-RivES 801 2$bCStRLIN 801 2$bWaOLN 906 $aBOOK 912 $a996383681803316 996 $aBy the Queene. The Queenes Maiestie being giuen to vnderstand, that diuers souldiers vpon the dissoluing of the campe at Tilberie in the countie of Essex .$92378627 997 $aUNISA LEADER 02988nam 22007453u 450 001 9910782508103321 005 20230124182709.0 010 $a1-281-39566-8 010 $a1-875864-54-7 010 $a0-87586-454-6 035 $a(CKB)1000000000688744 035 $a(EBL)319224 035 $a(OCoLC)476115268 035 $a(SSID)ssj0000358785 035 $a(PQKBManifestationID)11278910 035 $a(PQKBTitleCode)TC0000358785 035 $a(PQKBWorkID)10382051 035 $a(PQKB)11249084 035 $a(MiAaPQ)EBC319224 035 $a(EXLCZ)991000000000688744 100 $a20130418d2007|||| u|| | 101 0 $aeng 135 $aur|n|---||||| 181 $ctxt 182 $cc 183 $acr 200 10$aDesertion and the American Soldier 1776-2006$b[electronic resource] 210 $aNew York $cAlgora Publishing$d2007 215 $a1 online resource (268 p.) 300 $aDescription based upon print version of record. 311 $a0-87586-452-X 327 $aTable of Contents; Acknowledgements; Foreword; Introduction; Chapter 1: The Revolutionary War; Chapter 2: The War of 1812; Chapter 3: The Mexican-American War; Chapter 4: The Civil War; Chapter 5: The Philippine-American War; Chapter 6: World War I; Chapter 7: World War II; Chapter 8. The Korean War; Chapter 9: The Vietnam War; Chapter 10: The Gulf War; Chapter 11: The Iraq War; Chapter 12: Other Conflicts; Peacetime Desertion; Chapter 13: Summary and Analysis; Bibliography; Index 330 $aDespite the government's continued insistence on linking desertion with cowardice, the motivations for desertion are many and complex, and are either rooted in or encouraged by military policy. This history and analysis of military desertion from the Revo 606 $aDesertion, Military 606 $aMilitary deserters 606 $aPeace movements 606 $aSociology, Military 606 $aSociology, Military$xHistory$zUnited States$vInterviews 606 $aDesertion, Military$xHistory$zUnited States 606 $aMilitary deserters$xHistory$zUnited States 606 $aPeace movements$zUnited States 606 $aMilitary & Naval Science$2HILCC 606 $aArmies$2HILCC 606 $aLaw, Politics & Government$2HILCC 615 4$aDesertion, Military. 615 4$aMilitary deserters. 615 4$aPeace movements. 615 4$aSociology, Military. 615 0$aSociology, Military$xHistory 615 0$aDesertion, Military$xHistory 615 0$aMilitary deserters$xHistory 615 0$aPeace movements 615 7$aMilitary & Naval Science 615 7$aArmies 615 7$aLaw, Politics & Government 676 $a355.1334 676 $a355.1'334--dc22 700 $aFantina$b Robert$0859191 801 0$bAU-PeEL 801 1$bAU-PeEL 801 2$bAU-PeEL 906 $aBOOK 912 $a9910782508103321 996 $aDesertion and the American Soldier 1776-2006$93773159 997 $aUNINA